000
00289nam a2200109Ia 4500
008
220204s9999 xx 000 0 und d
082
_a
321.7(540)
_b
PAL
100
_a
Palkhivala, N A
245
0
_a
We the people: India - the largest democracy
260
_a
Bombay
_b
Strand
_c
1984
942
_c
BK
999
_c
38659
_d
38659